<?xml version="1.0" encoding="UTF-8"?>
<record
    xmlns:xsi="http://www.w3.org/2001/XMLSchema-instance"
    xsi:schemaLocation="http://www.loc.gov/MARC21/slim http://www.loc.gov/standards/marcxml/schema/MARC21slim.xsd"
    xmlns="http://www.loc.gov/MARC21/slim">

  <leader>02131nam a2200313 u 4500</leader>
  <controlfield tag="001">1427339</controlfield>
  <controlfield tag="005">20240831091656.0</controlfield>
  <controlfield tag="007">cr|||||||</controlfield>
  <controlfield tag="008">151118s2014                        spa  </controlfield>
  <datafield tag="035" ind1=" " ind2=" ">
    <subfield code="a">1427339</subfield>
  </datafield>
  <datafield tag="040" ind1=" " ind2=" ">
    <subfield code="c">comduadb</subfield>
  </datafield>
  <datafield tag="041" ind1=" " ind2=" ">
    <subfield code="a">spa</subfield>
  </datafield>
  <datafield tag="080" ind1=" " ind2=" ">
    <subfield code="a">PIN</subfield>
  </datafield>
  <datafield tag="100" ind1="1" ind2="0">
    <subfield code="a">Uribe V&#xE9;lez, Carlos Andr&#xE9;s</subfield>
    <subfield code="4">aut</subfield>
    <subfield code="e">aut</subfield>
    <subfield code="9">693123</subfield>
  </datafield>
  <datafield tag="245" ind1="1" ind2="0">
    <subfield code="a">Contribuci&#xF3;n en la implementaci&#xF3;n del paso 1 del pilar de calidad mediante la metodolog&#xED;a de TPM en Vajillas Corona S.A.</subfield>
  </datafield>
  <datafield tag="260" ind1=" " ind2=" ">
    <subfield code="a">Medell&#xED;n :</subfield>
    <subfield code="b">[sin publicador],</subfield>
    <subfield code="c">2014.</subfield>
  </datafield>
  <datafield tag="300" ind1=" " ind2=" ">
    <subfield code="a">64 p&#xE1;ginas</subfield>
  </datafield>
  <datafield tag="520" ind1="3" ind2=" ">
    <subfield code="a">El trabajo de pr&#xE1;ctica profesional se realiz&#xF3; en la Empresa Vajillas Corona S.A, el cual consisti&#xF3; en la implementaci&#xF3;n del paso 1 del pilar de calidad a cada uno de los peque&#xF1;os equipos de TPM  de la empresa, para conocer los defectos m&#xE1;s representativos o impactantes y de esta manera lograr una empoderamiento de los mismos en el paso posterior de dicho pilar (paso 2). La metodolog&#xED;a que se utiliz&#xF3; fue la capacitaci&#xF3;n a los peque&#xF1;os equipos "cr&#xED;ticos o no" establecidos previamente por el Departamento de Calidad para desplegar informaci&#xF3;n relacionada con los defectos en la planta, y de los entregables que debieron realizar cada uno de los peque&#xF1;os equipos. Tambi&#xE9;n se realiz&#xF3; un acompa&#xF1;amiento en piso para asegurar avances en el proceso a cada uno de los equipos. Los resultados obtenidos en el proyecto fueron asegurar que tanto los equipos cr&#xED;ticos y no cr&#xED;ticos cumplieran con los entregables del paso 1 y de esta manera obtener conocimiento para la implementaci&#xF3;n de herramientas de an&#xE1;lisis en el paso 2 del pilar de calidad.</subfield>
  </datafield>
  <datafield tag="650" ind1=" " ind2=" ">
    <subfield code="a">Mantenimiento productivo total (TPM)</subfield>
    <subfield code="9">55542</subfield>
  </datafield>
  <datafield tag="650" ind1=" " ind2=" ">
    <subfield code="a">Corona S.A. (Empresa Comercial)</subfield>
    <subfield code="9">160214</subfield>
  </datafield>
  <datafield tag="650" ind1=" " ind2="7">
    <subfield code="a">Empoderamiento</subfield>
    <subfield code="2">lemb</subfield>
    <subfield code="9">49715</subfield>
  </datafield>
  <datafield tag="650" ind1=" " ind2=" ">
    <subfield code="a">Equipos industriales - optimizaci&#xF3;n del uso</subfield>
    <subfield code="9">164169</subfield>
  </datafield>
  <datafield tag="650" ind1=" " ind2="7">
    <subfield code="a">Calidad total</subfield>
    <subfield code="2">embne</subfield>
    <subfield code="9">29803</subfield>
  </datafield>
  <datafield tag="700" ind1="1" ind2="0">
    <subfield code="a">Correa Puerta, Claudia Sof&#xED;a</subfield>
    <subfield code="4">ths</subfield>
    <subfield code="e">ths</subfield>
    <subfield code="9">281773</subfield>
  </datafield>
  <datafield tag="856" ind1="4" ind2=" ">
    <subfield code="u">https://drive.google.com/file/d/0BwecnWVz7HZoVUtJQVoybHhoWUk/view?usp=sharing</subfield>
  </datafield>
  <datafield tag="942" ind1=" " ind2=" ">
    <subfield code="c">TESIS</subfield>
    <subfield code="n">0</subfield>
  </datafield>
  <datafield tag="999" ind1=" " ind2=" ">
    <subfield code="c">729047</subfield>
    <subfield code="d">729047</subfield>
  </datafield>
  <datafield tag="502" ind1=" " ind2=" ">
    <subfield code="b">174</subfield>
    <subfield code="c">17</subfield>
  </datafield>
  <datafield tag="526" ind1=" " ind2=" ">
    <subfield code="a">176</subfield>
  </datafield>
</record>
